| 000 | 00730nam a22002057a 4500 | ||
|---|---|---|---|
| 005 | 20100724121121.0 | ||
| 010 | _aENG-96503 | ||
| 020 |
_a9788190807456 _c150.00 |
||
| 020 |
_a9788190807436 _c150.00 |
||
| 035 | _aEN-80036 | ||
| 037 | _bDBAD/PUB | ||
| 082 | _a005.133 | ||
| 100 |
_aDharmarajan, R _91388 |
||
| 245 |
_aConcept Of C Programming / _cby R, Dharmarajan |
||
| 260 |
_aCoimbatore _bNavayuga Bharathi , "Maruthi Nivasan" _cn.d |
||
| 270 |
_a36/1 ,14th Cross Street, Thirumagal Nagar, Peelamedu Puthur _bCoimbatore _e641004 |
||
| 300 |
_a178p. _c20cm ( pbk) |
||
| 942 |
_2ddc _cEN _mDHA _h005.133 |
||
| 999 |
_c37523 _d37523 |
||